[Event "Eastern Idaho Open"]
[Site "Pocatello, ID"]
[Date "2015.09.19"]
[Round "1.2"]
[White "Avila, Joe L"]
[Black "Owen, Gary"]
[Result "0-1"]
[WhiteElo "730"]
[BlackElo "1590"]
[EventRounds "5"]
[EventCountry "USA"]

1. d3 Nf6 2. b3 g6 3. Bb2 Bg7 4. e3 O-O 5. Nd2 d6 6. Ngf3 Nc6 7. d4 Bg4 8. h3
Bf5 9. g4 Bd7 10. Qe2 Nb4 11. a3 Nxc2+ 12. Kd1 Nxa1 13. Bxa1 Bc6 14. a4 Ne4
15. Bg2 Nxd2 16. Qxd2 Re8 17. Ke2 e5 18. d5 Bd7 19. e4 a5 20. Rc1 b5 21. Qa2
Rc8 22. Kf1 c5 23. Bc3 Qb6 24. Kg1 b4 25. Bd2 Rc7 26. Be3 Rec8 27. Rc4 Rb8 28.
Qd2 Bc8 29. Bh6 Ba6 30. Rc2 c4 31. Be3 Qb7 32. Bf1 Rbc8 33. Qe2 Ra8 34. bxc4
b3 35. Rb2 Qb4 36. Nd2 Qxa4 37. Nxb3 Bxc4 38. Qd1 Bxf1 39. Kxf1 Qxe4 40. Ke2
Rb8 41. f3 Qc4+ 42. Qd3 Qxd3+ 43. Kxd3 e4+ 44. fxe4 Bxb2 45. Nxa5 Rc3+ 46. Kd2
Ra8 47. Nc6 Ra1 48. Bd4 Rb3 49. Kc2 Rb7 50. Bxb2 Ra2 51. Ne7+ Kf8 {#R} 0-1

[Event "Eastern Idaho Open"]
[Site "Pocatello, ID"]
[Date "2015.09.19"]
[Round "1.1"]
[White "Landon, Lloyd"]
[Black "Curtis, Brian"]
[Result "1-0"]
[WhiteElo "1863"]
[BlackElo "1028"]
[EventRounds "5"]
[EventCountry "USA"]

1. c4 e5 2. g3 Bc5 3. Nc3 c6 4. Bg2 Nf6 5. d3 Qb6 6. e3 Qd8 7. Nf3 d6 8. O-O
Bg4 9. Qb3 Bb6 10. e4 Bxf3 11. Bxf3 Nbd7 12. Be3 Bxe3 13. fxe3 Qb6 14. Qxb6
axb6 15. b4 O-O 16. a4 g6 17. Rf2 Kg7 18. Bg2 Ng4 19. Rf3 h5 20. b5 c5 21. h3
Ngf6 22. Rf2 Rfd8 23. Bf3 g5 24. Be2 Re8 25. Kg2 Re7 26. Raf1 g4 27. h4 Kh6
28. Rxf6+ Nxf6 29. Rxf6+ Kg7 30. Rxd6 Rf8 31. Nd5 Re6 32. Rxb6 Rxb6 33. Nxb6
f5 34. exf5 Rxf5 35. e4 Rf7 36. a5 Rf8 37. Nd7 Ra8 38. Nxc5 Rxa5 39. Nxb7 Ra2
40. Kf2 Rxe2+ 41. Kxe2 {#r} 1-0

[Event "Eastern Idaho Open"]
[Site "Pocatello, ID"]
[Date "2014.09.21"]
[Round "5.3"]
[White "Avila, Joe L"]
[Black "Reid, Clinton"]
[Result "0-1"]
[WhiteElo "737"]
[BlackElo "1522"]
[EventRounds "5"]
[EventCountry "USA"]

1. b3 Nc6 2. Bb2 d5 3. Nf3 h6 4. e3 a6 5. Nc3 Bf5 6. d3 Nf6 7. h3 e6 8. Na4 b5
9. Nc3 Bd6 10. Nh4 Bh7 11. g3 Ne7 12. Bg2 Nf5 13. Nf3 c6 14. g4 Ne7 15. Qd2 c5
16. Ne2 Nc6 17. a3 Rc8 18. d4 Ne4 19. Qd1 c4 20. Ne5 Bxe5 21. dxe5 Qh4 22. O-O
O-O 23. Qe1 cxb3 24. cxb3 Nc5 25. f4 Qxe1 26. Rfxe1 Nd3 27. Nd4 Nxb2 28. f5
Nxd4 29. exd4 Rc2 30. Rf1 Rfc8 31. Kh1 Nd3 32. Rf3 Rc1+ 33. Rxc1 Rxc1+ 34. Kh2
Rd1 35. Bf1 Rd2+ 36. Kg3 Nb2 37. Rc3 Bxf5 38. gxf5 exf5 39. h4 Rxd4 40. Rc8+
Kh7 41. Bh3 Rd3+ 42. Kh2 g6 43. h5 Re3 44. Re8 Nd3 45. Re7 Nxe5 46. hxg6+ Kxg6
47. Re8 Nf3+ 48. Kg3 Rxe8 49. Kxf3 d4 50. Kf4 Re4+ 51. Kf3 Re3+ 52. Kf4 Rxh3
53. Ke5 d3 {#R} 0-1

[Event "Eastern Idaho Open"]
[Site "Pocatello, ID"]
[Date "2014.09.21"]
[Round "5.1"]
[White "Nathan, Jacob"]
[Black "Owen, Gary"]
[Result "1-0"]
[WhiteElo "1164"]
[BlackElo "1581"]
[EventRounds "5"]
[EventCountry "USA"]

1. e4 e5 2. Nf3 Nf6 3. Nxe5 Qe7 4. d4 d6 5. Nf3 Qxe4+ 6. Be3 Bg4 7. Be2 d5 8.
Nc3 Bb4 9. Qd2 Qe7 10. a3 Ne4 11. Qd3 Nxc3 12. bxc3 Bxa3 13. Qb5+ c6 14. Qb3
Bd6 15. h3 Bf5 16. O-O O-O 17. Rfe1 b5 18. Bd3 Bxd3 19. cxd3 Qc7 20. c4 dxc4
21. dxc4 bxc4 22. Qxc4 Nd7 23. Rec1 Rfc8 24. Ng5 Nb6 25. Qc2 g6 26. h4 h6 27.
Ne4 Bf8 28. Qd2 h5 29. Nf6+ Kh8 30. Bf4 Qd8 31. Be5 Bg7 32. Nd7 Kh7 33. Bxg7
Kxg7 34. Ne5 Qf6 35. Qc3 Nd5 36. Qc5 Nf4 37. Rc2 Qxh4 38. g3 Qg5 39. Rxa7 Rxa7
40. Qxa7 Rf8 41. Kh2 Qf5 42. gxf4 Qxc2 43. Kg2 Qe4+ 44. Kg1 Qxd4 45. Qxd4 {#r}
1-0

[Event "Eastern Idaho Open"]
[Site "Pocatello, ID"]
[Date "2014.09.21"]
[Round "4.2"]
[White "Amen, Chris"]
[Black "Nathan, Jacob"]
[Result "0-1"]
[WhiteElo "1558"]
[BlackElo "1164"]
[EventRounds "5"]
[EventCountry "USA"]

1. c4 e5 2. g3 d5 3. cxd5 Qxd5 4. Nf3 Nc6 5. Bg2 Bg4 6. Nc3 Qd7 7. h3 Bf5 8.
g4 Be6 9. Ng5 Bxg4 10. hxg4 Qxg4 11. Bxc6+ bxc6 12. Nf3 Bd6 13. Rg1 Qf5 14.
Qa4 Rc8 15. Qxc6+ Kd8 16. Rxg7 Nf6 17. Rxf7 Qg6 18. Nxe5 Qg1# 0-1

[Event "Eastern Idaho Open"]
[Site "Pocatello, ID"]
[Date "2014.09.21"]
[Round "4.1"]
[White "Owen, Gary"]
[Black "Roland, Jeffrey"]
[Result "1-0"]
[WhiteElo "1581"]
[BlackElo "1781"]
[EventRounds "5"]
[EventCountry "USA"]

1. c4 Nf6 2. d4 g6 3. Nc3 d5 4. e3 Bg7 5. Nf3 O-O 6. cxd5 Nxd5 7. Bc4 Nb6 8.
Bd3 Nc6 9. O-O e6 10. Bd2 Na5 11. Bc2 Nac4 12. Bc1 Nd5 13. Nxd5 exd5 14. b3
Nd6 15. Ba3 Re8 16. Rc1 Nb5 17. Bb2 c5 18. Bd3 Bd7 19. Rxc5 Nc7 20. Qc2 Rc8
21. Rc1 Bc6 22. b4 Bf8 23. Ra5 Bxb4 24. Rxa7 Ne6 25. Ne5 Qb6 26. Nxc6 Rxc6 27.
Qa4 Rxc1+ 28. Bxc1 Re7 29. Ra8+ Kg7 30. Rc8 Nxd4 31. Bb2 {#r} 1-0

[Event "Eastern Idaho Open"]
[Site "Pocatello, ID"]
[Date "2014.09.20"]
[Round "3.3"]
[White "Avila, Joe L"]
[Black "Nathan, Jacob"]
[Result "0-1"]
[WhiteElo "737"]
[BlackElo "1164"]
[EventRounds "5"]
[EventCountry "USA"]

1. e3 d5 2. Nc3 e5 3. d4 Nc6 4. Nge2 Nf6 5. Ng3 Be7 6. Bb5 Qd6 7. a3 a6 8. Be2
e4 9. h3 Bd7 10. f3 Qxg3+ 11. Kd2 Qxg2 12. f4 Na5 13. Qg1 Qxg1 14. Rxg1 Bxh3
15. Rxg7 h5 16. Nd1 Ng4 17. b4 Nc6 18. Bb2 Bf6 19. Rxg4 Bxg4 20. Nf2 Bxe2 21.
Kxe2 b5 22. Rh1 h4 23. Ng4 Be7 24. Ne5 Nxe5 25. dxe5 Rh7 26. Bd4 h3 27. Kd2 h2
28. Kc3 O-O-O 29. f5 Rg8 30. Bc5 Bxc5 31. bxc5 Rg1 32. Rxh2 Rxh2 33. e6 fxe6
34. Kd4 Rf1 35. Ke5 Rhf2 36. Kxe6 c6 {#R} 0-1

[Event "Eastern Idaho Open"]
[Site "Pocatello, ID"]
[Date "2014.09.20"]
[Round "3.2"]
[White "Reid, Clinton"]
[Black "Owen, Gary"]
[Result "0-1"]
[WhiteElo "1522"]
[BlackElo "1581"]
[EventRounds "5"]
[EventCountry "USA"]

1. d4 Nf6 2. c4 g6 3. Nc3 Bg7 4. Bf4 O-O 5. h3 d6 6. Nf3 Nbd7 7. Qd2 Nh5 8.
Bh6 e5 9. Bxg7 Kxg7 10. g4 Nhf6 11. e4 c5 12. d5 Nb6 13. Be2 Bd7 14. b3 a5 15.
g5 Nh5 16. a4 Nf4 17. Bf1 f6 18. h4 Bg4 19. gxf6+ Qxf6 20. Ng5 h6 21. f3 Bh5
22. Ne6+ Nxe6 23. dxe6 Qxe6 24. Bh3 Qf6 25. Bg4 Bxg4 26. fxg4 Qf3 27. Rg1 Rad8
28. Rc1 Nc8 29. Qe2 Ne7 30. Kd2 Nc6 31. Rcf1 Qxe2+ 32. Nxe2 Nd4 33. Nxd4 exd4
34. g5 h5 35. Kd3 Rxf1 36. Rxf1 Rf8 37. Rh1 Rf3+ 38. Kc2 Kf7 39. Re1 Ke6 40.
Re2 Ke5 41. Kb2 d3 42. Rd2 Kxe4 43. Kc3 b6 44. Rh2 Rf1 45. Rh3 Rd1 46. Kb2
Rd2+ 47. Kb1 Kd4 48. Kc1 Kc3 {#R} 0-1

[Event "Eastern Idaho Open"]
[Site "Pocatello, ID"]
[Date "2014.09.20"]
[Round "3.1"]
[White "Roland, Jeffrey"]
[Black "Amen, Chris"]
[Result "1-0"]
[WhiteElo "1781"]
[BlackElo "1558"]
[EventRounds "5"]
[EventCountry "USA"]

1. e4 e6 2. d4 d5 3. Nd2 Nf6 4. e5 Nfd7 5. f4 c5 6. c3 Nc6 7. Ngf3 cxd4 8.
cxd4 f6 9. Nb3 Qb6 10. Bd3 Bb4+ 11. Bd2 Bxd2+ 12. Qxd2 O-O 13. Rc1 fxe5 14.
fxe5 a5 15. Ng5 a4 16. Bxh7+ Kh8 17. Rxc6 bxc6 18. Nc1 c5 19. Nd3 c4 20. Nf4
Rxf4 21. Qxf4 Qb4+ 22. Kd1 Qxb2 23. Rf1 Ba6 24. Nf7+ Kxh7 25. Qh4+ {#r} 1-0

[Event "Eastern Idaho Open"]
[Site "Pocatello, ID"]
[Date "2014.09.20"]
[Round "2.2"]
[White "Owen, Gary"]
[Black "Amen, Chris"]
[Result "1/2-1/2"]
[WhiteElo "1581"]
[BlackElo "1558"]
[EventRounds "5"]
[EventCountry "USA"]

1. Nf3 Nf6 2. g3 d5 3. Bg2 g6 4. O-O c5 5. d3 Bg7 6. Nbd2 Nc6 7. e4 O-O 8. Rb1
Nb4 9. a3 Na2 10. Qe2 Nxc1 11. Rfxc1 e6 12. e5 Nd7 13. c3 b6 14. d4 a5 15. b4
c4 16. b5 a4 17. Ne1 Ra5 18. Rb4 f6 19. f4 f5 20. Rcb1 Nb8 21. Qd1 Bd7 22.
Rxa4 Rxb5 23. Rxb5 Bxb5 24. Rb4 Bd7 25. Qb1 b5 26. Nc2 Qa5 27. Qa1 Nc6 28. Rb1
Ra8 29. Qb2 Bf8 30. Ra1 Qa4 31. Bf3 Na5 32. Nb4 Nb3 33. Bd1 Bxb4 34. cxb4 {#d}
1/2-1/2

[Event "Eastern Idaho Open"]
[Site "Pocatello, ID"]
[Date "2014.09.20"]
[Round "2.1"]
[White "Reid, Clinton"]
[Black "Roland, Jeffrey"]
[Result "1/2-1/2"]
[WhiteElo "1522"]
[BlackElo "1781"]
[EventRounds "5"]
[EventCountry "USA"]

1. d4 Nf6 2. c4 g6 3. Nc3 d5 4. Bf4 c6 5. Nf3 Bg7 6. h3 O-O 7. Qd2 Nbd7 8. Bh6
dxc4 9. e4 b5 10. e5 Nd5 11. Bxg7 Kxg7 12. h4 N7b6 13. h5 Rh8 14. h6+ Kg8 15.
Be2 Nxc3 16. bxc3 f6 17. O-O Qf8 18. Rfe1 g5 19. exf6 exf6 20. Nxg5 Qxh6 21.
Bxc4+ Nxc4 22. Re8+ Kg7 23. Re7+ Kg6 24. Qf4 Bf5 25. Qc7 fxg5 26. Qxc6+ Kh5
27. g4+ Bxg4 28. Qh1+ Kg6 29. Qc6+ {#d} 1/2-1/2

[Event "Eastern Idaho Open"]
[Site "Pocatello, ID"]
[Date "2014.09.20"]
[Round "1.2"]
[White "Avila, Joe L"]
[Black "Owen, Gary"]
[Result "0-1"]
[WhiteElo "737"]
[BlackElo "1581"]
[EventRounds "5"]
[EventCountry "USA"]

1. b3 Nf6 2. Bb2 g6 3. e3 Bg7 4. Nc3 O-O 5. f4 d5 6. Be2 Nc6 7. Bb5 Bg4 8. Nf3
Ne4 9. Qe2 Nb4 10. O-O-O a6 11. Bd3 Nxc3 12. dxc3 Nxa2+ 13. Kb1 Nxc3+ 14. Bxc3
Bxc3 15. h3 c5 16. Bc4 Qa5 {#R} 0-1

[Event "Eastern Idaho Open"]
[Site "Pocatello, ID"]
[Date "2014.09.20"]
[Round "1.1"]
[White "Roland, Jeffrey"]
[Black "Nathan, Jacob Ari"]
[Result "1-0"]
[WhiteElo "1781"]
[BlackElo "1164"]
[EventRounds "5"]
[EventCountry "USA"]

1. d4 Nf6 2. c4 e6 3. Nf3 c5 4. e3 d5 5. Nc3 Nc6 6. cxd5 exd5 7. Be2 c4 8. O-O
a6 9. Ne5 Qd6 10. f4 Be7 11. b3 b5 12. bxc4 bxc4 13. Qa4 Bd7 14. Nxd7 Qxd7 15.
Ba3 Bxa3 16. Qxa3 Qe6 17. Na4 Nxd4 18. exd4 Ne4 19. Bf3 Ra7 20. Rab1 Ra8 21.
Rfe1 f5 22. Rb7 Qf6 23. Kh1 Kd8 24. Nb6 Qh4 25. Rd7+ Ke8 26. g3 {#r} 1-0

[Event "Eastern Idaho Open"]
[Site "Idaho Falls, ID"]
[Date "2013.10.20"]
[Round "5.3"]
[White "Nathan, Jacob Ari"]
[Black "Owen, Gary"]
[Result "0-1"]
[WhiteElo "1066"]
[BlackElo "1608"]
[EventRounds "5"]
[EventCountry "USA"]

1. e4 Nf6 2. Nc3 e5 3. Nf3 Bb4 4. a3 Bxc3 5. dxc3 O-O 6. Bg5 d6 7. Bd3 Nc6 8.
O-O h6 9. Bh4 Be6 10. h3 g5 11. Bg3 Qd7 12. Qd2 Nh7 13. h4 f6 14. Nh2 Qg7 15.
h5 Rad8 16. Be2 Ne7 17. c4 f5 18. exf5 Nxf5 19. Qb4 c5 20. Qc3 Nxg3 21. fxg3
Rxf1+ 22. Rxf1 Rf8 23. Rxf8+ Qxf8 24. Qd3 Bf5 25. Qd5+ Kh8 26. Bd3 Bxd3 27.
cxd3 b6 28. Qb7 Nf6 29. g4 Qd8 30. Qxa7 e4 31. dxe4 Nxe4 32. Nf3 Nf6 33. Nh2
d5 34. cxd5 Nxd5 35. Qa6 Qe8 36. a4 Kg7 37. Qb7+ Qf7 38. Qxf7+ Kxf7 39. Kf2
Ke6 40. Nf3 c4 41. Nd2 c3 42. bxc3 Nxc3 43. Ke3 Nxa4 44. Kd4 Nc5 45. Ne4 Nxe4
46. Kxe4 b5 47. Kd4 Kd6 48. Kc3 Kc5 49. Kb3 b4 50. g3 Kb5 51. Kb2 Kc4 52. Kc2
b3+ 53. Kb2 Kb4 54. Kb1 Kc3 55. Kc1 Kd3 56. Kb2 Ke3 57. Kxb3 Kf3 58. Kc4 Kxg3
59. Kd5 Kxg4 60. Ke5 Kxh5 61. Kf5 g4 62. Kf4 Kh4 {#R} 0-1

[Event "Eastern Idaho Open"]
[Site "Idaho Falls, ID"]
[Date "2013.10.20"]
[Round "4.1"]
[White "Owen, Gary"]
[Black "Roland, Jeffrey"]
[Result "1/2-1/2"]
[WhiteElo "1608"]
[BlackElo "1701"]
[EventRounds "5"]
[EventCountry "USA"]

1. e4 e6 2. d4 d5 3. e5 c5 4. Nf3 Nc6 5. c3 Qb6 6. Be2 Bd7 7. O-O cxd4 8. cxd4
Nge7 9. Nc3 Nf5 10. Na4 Qc7 11. Bf4 Be7 12. Rc1 O-O 13. Nc5 Rac8 14. Qd2 Bxc5
15. Rxc5 Qb6 16. Rfc1 Ncxd4 17. Rxc8 Nxe2+ 18. Qxe2 Rxc8 19. Rxc8+ Bxc8 20.
Qc2 Bd7 21. Qc3 Qc6 {#d} 1/2-1/2

[Event "Eastern Idaho Open"]
[Site "Idaho Falls, ID"]
[Date "2013.10.19"]
[Round "3.1"]
[White "Gentillon, Randal E"]
[Black "Roland, Jeffrey"]
[Result "0-1"]
[WhiteElo "1510"]
[BlackElo "1701"]
[EventRounds "5"]
[EventCountry "USA"]

1. e4 e6 2. d4 d5 3. Nc3 dxe4 4. Nxe4 Nd7 5. Nf3 Ngf6 6. Bd3 Nxe4 7. Bxe4 Nf6
8. Bg5 Be7 9. Bd3 O-O 10. O-O b6 11. Re1 Bb7 12. c3 c5 13. Bxf6 Bxf6 14. dxc5
bxc5 15. Be4 Rb8 16. Qc2 Bxe4 17. Rxe4 Qd5 18. Rd1 Rxb2 19. Qa4 Rxa2 20. Rxd5
Rxa4 21. Rxa4 exd5 22. Rxa7 Bxc3 23. g3 h6 24. Re7 Rd8 25. Kf1 Kf8 26. Rc7 c4
27. Ke2 g5 28. Nd2 Be5 29. Nxc4 Bxc7 {#R} 0-1

[Event "Eastern Idaho Open"]
[Site "Idaho Falls, ID"]
[Date "2013.10.19"]
[Round "2.2"]
[White "Gentillon, Randal E"]
[Black "Owen, Gary"]
[Result "1-0"]
[WhiteElo "1510"]
[BlackElo "1608"]
[EventRounds "5"]
[EventCountry "USA"]

1. e4 e5 2. Nf3 Nf6 3. Nxe5 Qe7 4. d4 d6 5. Nf3 Qxe4+ 6. Be2 Bf5 7. c4 Be7 8.
Nc3 Qc2 9. O-O O-O 10. Qe1 Re8 11. b3 Bf8 12. Bd2 Nc6 13. d5 Nb4 14. Nd4 Qb2
15. Nxf5 Nc2 16. Qb1 Qxb1 17. Raxb1 Re5 18. Ng3 g6 19. Nb5 Re7 20. Bd3 a6 21.
Nxc7 Rxc7 22. Bxc2 Nxd5 23. Bxg6 hxg6 24. cxd5 Rc2 25. Bf4 Rxa2 26. Ne4 Rd8
27. Rfe1 Ra5 28. Rbd1 Rb5 29. Nf6+ Kg7 30. Re8 Rxe8 31. Nxe8+ Kg8 32. Nxd6
Rxb3 33. Ne4 Be7 34. d6 Bxd6 35. Bxd6 a5 36. f3 b5 37. Nc5 Rb2 38. Be5 Rc2 39.
Rd8+ {#r} 1-0

[Event "Eastern Idaho Open"]
[Site "Idaho Falls, ID"]
[Date "2013.10.19"]
[Round "1.1"]
[White "Nathan, Jacob"]
[Black "Roland, Jeffrey"]
[Result "0-1"]
[WhiteElo "1066"]
[BlackElo "1701"]
[EventRounds "5"]
[EventCountry "USA"]

1. e4 e5 2. Nf3 Nf6 3. Nxe5 d6 4. Nf3 Nxe4 5. Bc4 d5 6. Bb3 Be7 7. d3 Nc5 8.
c3 Nxb3 9. axb3 O-O 10. h3 Re8 11. O-O c5 12. c4 dxc4 13. bxc4 Nc6 14. Nc3 Nb4
15. Re1 Bf5 16. Ne4 Qxd3 17. Qe2 Bxe4 18. Qxe4 a6 19. Qxd3 Nxd3 20. Re4 Bf6
21. Rxe8+ Rxe8 22. Rb1 Nxc1 23. Rxc1 Bxb2 24. Rb1 Re2 25. Kf1 Rc2 26. Ke1 Rc1+
27. Rxc1 Bxc1 28. Kd1 Bb2 29. Kc2 Bf6 30. Kb3 b5 31. cxb5 axb5 32. Ne1 Kf8 33.
Nc2 Ke7 34. Na3 b4 35. Nc4 Ke6 36. Nb6 Bc3 37. Kc4 Kd6 38. Nc8+ Kc7 39. Ne7
Bd4 40. Nf5 Bxf2 41. Nxg7 Kb6 42. Nh5 Ka5 43. Nf4 Ka4 44. Nd3 Bd4 45. Nc1 Ka3
46. Nb3 Kb2 47. h4 h5 48. Nxd4 cxd4 49. Kd3 f5 50. g3 b3 51. g4 fxg4 52. Kd2
Ka2 53. Kc1 b2+ 54. Kd2 b1=Q 55. Ke2 Qc2+ {#R} 0-1

[Event "Eastern Idaho Open"]
[Site "Chess.com"]
[Date "2020.09.26"]
[Round "1"]
[White "iwillbeatyou2day"]
[Black "NLchaos"]
[Result "0-1"]
[WhiteElo "1133"]
[BlackElo "1606"]

1. e4 } 1... e6 } 2. Nf3 } 2... d5 } 3. e5 } 3... c5 } 4. d4 } 4... cxd4 } 5.
Nxd4 } 5... Nc6 } 6. Nc3 } 6... a6 } 7. Be3 } 7... Nxe5 } 8. Be2 } 8... Nf6 }
9. Bf3 } 9... Bb4 } 10. Qd2 } 10... Nxf3+ } 11. Nxf3 } 11... Qa5 } 12. Bd4 }
12... Ne4 } 13. Qd3 } 13... Bxc3+ } 14. Bxc3 } 14... Nxc3 } 15. Qxc3 } 15...
Qxc3+ } 16. bxc3 } 16... Bd7 } 17. O-O } 17... Bb5 } 18. Rfe1 } 18... O-O }
19. a4 } 19... Bc4 } 20. Nd2 } 20... Rfc8 } 21. Nxc4 } 21... Rxc4 } 22. Re3 }
22... Rac8 } 23. Ra3 } 23... g6 } 24. h3 } 24... R8c5 } 25. a5 } 25... Rb5 }
26. Re1 } 26... Rb2 } 27. Rc1 } 27... Rc5 } 28. Kh1 } 28... Rcb5 } 29. Raa1 }
29... Kf8 } 30. Kg1 } 30... Ke7 } 31. Kf1 } 31... Kd6 } 32. Ke2 } 32... Rc5 }
33. Kd3 } 33... Rbb5 } 34. Rab1 } 34... Kc6 } 35. Rxb5 } 35... Rxb5 } 36. Ra1
} 36... Rc5 } 37. Ra3 } 37... Rc4 } 38. Kd2 } 38... e5 } 39. Kd3 } 39... f5 }
40. f3 } 40... e4+ } 41. fxe4 } 41... fxe4+ } 42. Kd2 } 42... Rc5 } 43. Ke3 }
43... Kd6 } 44. Kd4 } 44... Rc4+ } 45. Ke3 } 45... Ke5 } 46. Kd2 } 46... Kf4 }
47. Ke2 } 47... Kg3 } 48. Kf1 } 48... e3 } 49. Kg1 } 49... e2 } 50. Ra1 }
50... Rxc3 } 51. Rc1 } 51... d4 } 52. Kh1 } 52... d3 } 53. Kg1 } 53... d2 }
54. Ra1 } 54... d1=Q+ } 55. Rxd1 } 55... exd1=Q# } 0-1

[Event "Eastern Idaho Open"]
[Site "Chess.com"]
[Date "2020.09.26"]
[Round "1"]
[White "siegfried23"]
[Black "iballisticsquid123"]
[Result "0-1"]
[WhiteElo "1509"]
[BlackElo "2121"]

1. d4 } 1... Nf6 } 2. Nf3 } 2... e6 } 3. e3 } 3... d5 } 4. Bd3 } 4... Nbd7 }
5. O-O } 5... Bd6 } 6. Nbd2 } 6... O-O } 7. c4 } 7... c6 } 8. Qc2 } 8... h6 }
9. e4 } 9... dxe4 } 10. Nxe4 } 10... Nxe4 } 11. Bxe4 } 11... Nf6 } 12. Bd3 }
12... Re8 } 13. b3 } 13... c5 } 14. Bb2 } 14... cxd4 } 15. Bxd4 } 15... e5 }
16. Bb2 } 16... e4 } 17. Bxf6 } 17... exd3 } 18. Bxd8 } 18... dxc2 } 19. Ba5 }
19... Ba3 } 20. Bd2 } 20... Bb2 } 21. Rae1 } 21... Bf5 } 22. Bc1 } 22... Bc3 }
23. Bd2 } 23... Rxe1 } 24. Rxe1 } 24... Bxd2 } 25. Nxd2 } 25... Rd8 } 26. Nf3
} 26... Rd1 } {#R} 0-1

[Event "Eastern Idaho Open"]
[Site "Chess.com"]
[Date "2020.09.26"]
[Round "1"]
[White "KaKod0121"]
[Black "Jeffrey944"]
[Result "1-0"]
[WhiteElo "2079"]
[BlackElo "1416"]

1. e4 } 1... e5 } 2. Nf3 } 2... Nc6 } 3. Bc4 } 3... Bc5 } 4. O-O } 4... Nf6 }
5. d3 } 5... h6 } 6. c3 } 6... O-O } 7. Nbd2 } 7... a6 } 8. a4 } 8... d6 } 9.
Re1 } 9... Ng4 } 10. Re2 } 10... Be6 } 11. h3 } 11... Bxc4 } 12. Nxc4 } 12...
Nf6 } 13. d4 } 13... exd4 } 14. cxd4 } 14... Bb4 } 15. Bf4 } 15... b5 } 16.
Ne3 } 16... Qd7 } 17. Nf5 } 17... Rfe8 } 18. Qc2 } 18... Ne7 } 19. Ng3 } 19...
Ng6 } 20. Bc1 } 20... c5 } 21. d5 } 21... Ne5 } 22. Nxe5 } 22... Rxe5 } 23.
Bf4 } 23... Ree8 } 24. Nf5 } 24... c4 } 25. Rd1 } 25... Bc5 } 26. Qc3 } 26...
Kh7 } 27. Qc2 } 27... Kh8 } 28. e5 } 28... dxe5 } 29. Bxe5 } 29... Rg8 } 30.
Nxh6 } {#r} 1-0

[Event "Eastern Idaho Open"]
[Site "Chess.com"]
[Date "2020.09.26"]
[Round "1"]
[White "caracleliem"]
[Black "HandsomeTroll"]
[Result "0-1"]
[WhiteElo "1238"]
[BlackElo "1649"]

1. e4 } 1... c6 } 2. Nf3 } 2... d5 } 3. exd5 } 3... cxd5 } 4. d4 } 4... Nc6 }
5. Nc3 } 5... Bg4 } 6. h3 } 6... Bh5 } 7. Be2 } 7... Nf6 } 8. O-O } 8... e6 }
9. Bg5 } 9... Be7 } 10. Re1 } 10... O-O } 11. a4 } 11... Qb6 } 12. b3 } 12...
Bxf3 } 13. Bxf3 } 13... Qxd4 } 14. Qxd4 } 14... Nxd4 } 15. Rec1 } 15... Nxf3+
} 16. gxf3 } 16... a6 } 17. Kf1 } 17... h6 } 18. Bh4 } 18... Rfe8 } 19. Ke2 }
19... Nh5 } 20. Bxe7 } 20... Rxe7 } 21. Ke3 } 21... Rd7 } 22. Rd1 } 22... Rad8
} 23. Ne2 } 23... e5 } 24. Ng3 } 24... Nf4 } 25. Rh1 } 25... g6 } 26. Rad1 }
26... Rc8 } 27. Ne4 } 27... Kg7 } 28. c4 } 28... f5 } 29. Ng3 } 29... d4+ }
30. Kd2 } 30... Re8 } 31. h4 } 31... h5 } 32. Ne2 } 32... Nxe2 } 33. Kxe2 }
33... e4 } 34. fxe4 } 34... fxe4 } 35. Rhe1 } 35... d3+ } 36. Ke3 } 36... Rf7
} 37. Rd2 } 37... Rf3+ } 38. Kd4 } 38... Rf4 } 39. Ke3 } 39... Rxh4 } 40. c5 }
40... Rd8 } 41. b4 } 41... g5 } 42. Rf1 } 42... Kf6 } 43. f3 } 43... Rh3 } 44.
Kxe4 } 44... Rh4+ } 45. Ke3 } 45... Rxb4 } 46. Rxd3 } 46... Rxd3+ } 47. Kxd3 }
47... Rxa4 } 48. Rb1 } 48... Rf4 } 49. Rxb7 } 49... Rxf3+ } 50. Kd4 } 50... g4
} 51. c6 } 51... g3 } 52. Rb8 } 52... Kf7 } 53. Rb7+ } 53... Ke6 } 54. c7 }
54... Kd7 } {#R} 0-1

[Event "Eastern Idaho Open"]
[Site "Chess.com"]
[Date "2020.09.26"]
[Round "1"]
[White "little_pikachu_soya"]
[Black "TofuNightmare"]
[Result "1-0"]
[WhiteElo "1593"]
[BlackElo "927"]

1. d4 } 1... d5 } 2. c4 } 2... c6 } 3. e3 } 3... Nf6 } 4. Nc3 } 4... Bg4 } 5.
f3 } 5... Bf5 } 6. Qb3 } 6... e6 } 7. Qxb7 } 7... Nbd7 } 8. Qxc6 } 8... Rc8 }
9. Qa4 } 9... Rc7 } 10. cxd5 } 10... Nxd5 } 11. Bd2 } 11... Be7 } 12. e4 }
12... Nxc3 } 13. Bxc3 } 13... Bg6 } 14. Ba5 } 14... O-O } 15. Bxc7 } 15...
Qxc7 } 16. Bb5 } 16... Nb6 } 17. Qb3 } 17... Rc8 } 18. Ne2 } 18... f5 } 19.
exf5 } 19... Bxf5 } 20. O-O } 20... Bd6 } 21. f4 } 21... Nd5 } 22. Rac1 }
22... Qd8 } 23. Rxc8 } 23... Qxc8 } 24. Rc1 } 24... Qd8 } 25. Ba6 } 25... Bc7
} 26. Qf3 } 26... Qd6 } 27. Bc4 } 27... Nb4 } 28. a3 } 28... Nc6 } 29. Qe3 }
29... Bb6 } 30. Kh1 } 30... Nxd4 } 31. Nxd4 } 31... Bxd4 } 32. Qd2 } {#r} 1-0